Frequências FR - Statistics

Estatísticas Gerais
  • Esse quiz foi jogado 308 vezes
    305 desde o último reset
  • A pontuação média é 13 de 15
Estatísticas das Respostas
Hint Resposta % Correto
Canal 1 (Vésper) 121,70
100%
CORINGA 122,30
100%
Canal 2 (Solar) 126,30
100%
Canal 4 (Fênix) 133,00
100%
Canal 3 (Argos) 134,60
100%
TRUNFOS 136,15
100%
ÁQUILA 124,75
88%
LEO 120,50
84%
COPAS 123,55
76%
ESPADAS 125,25
76%
PAUS 135,35
72%
CENTAURUS 122,10
68%
NEGRO 125,50
64%
ÓRION 133,25
64%
OUROS 123,20
60%
Nenhum quiz correspondente encontrado
Distribuição das Pontuações
Porcentagem de Pessoas com Cada Pontuação
Percentil de Números Respondidos
Sua Pontuação Histórica
Você não jogou esse quiz desde o último reset